| 000 | 01236nam a22002537a 4500 | ||
|---|---|---|---|
| 999 |
_c63474 _d63474 |
||
| 005 | 20240530110643.0 | ||
| 008 | 141231s2009 ua po f b 000 0 ara d | ||
| 040 | _aEG-CaGPL | ||
| 041 | 0 | _aara | |
| 082 | 0 | 4 |
_221 _a200.901232\ _bق/ع د |
| 100 | 0 | _aعبدالحليم نورالدين | |
| 245 | 1 | 2 |
_aالديانة المصرية القديمة / _cعبدالحليم نورالدين . _nالجزء الاول : _pالمعبودات - _nالجزء الثانى : _pالفكر الدينى - _nالجزء الثالث : _pالفكر الدينى : خلق الكون ، الاساطير ، العالم الاخر و الكتب الدينية |
| 250 | _aط1 | ||
| 260 |
_aالقاهرة : _bالاقصى للطباعة والتجارة والتوريدات ، _c2009 |
||
| 300 |
_a600 ص : _bصور ؛ _c24 سم |
||
| 504 | _aببليوجرافية : ص 551 - 590 | ||
| 650 | 0 | 4 | _aالديانات المصرية القديمة |
| 650 | 0 | 4 | _aالديانة الاتونية |
| 650 | 0 | 4 |
_aالديانات المصرية القديمة _xالرموز الدينية |
| 650 | 0 | 4 | _aالاساطير الدينية |
| 650 | 0 | 4 | _aالديانات القديمة |
| 942 |
_2ddc _cBK |
||